| 000 | 00698nac a22002051u 4500 | ||
|---|---|---|---|
| 010 | _a 86008408 | ||
| 020 | _a0024174009 | ||
| 082 | 0 | 0 |
_a338.5 _bSt528 |
| 090 |
_c2192 _d2192 |
||
| 100 | _aStigler, George Joseph | ||
| 245 | 1 | 4 |
_aThe theory of price / _cGeorge J. Stigler. |
| 250 | _a4th ed. | ||
| 260 |
_aNew York : _bMacmillan ; _aLondon : _bCollier Macmillan,1987 _c1987. |
||
| 300 |
_aviii, 371 p. : _bill. ; _c25 cm. |
||
| 504 | _aIncludes bibliographies and index. | ||
| 650 | 0 | _aPrices. | |
| 650 | 0 | _aEconomics. | |
| 942 |
_cBB _k338.5St528 |
||
| 999 |
_c2192 _d2192 |
||